| 000 | 00349nam a2200145Ia 4500 | ||
|---|---|---|---|
| 008 | 230917s9999||||xx |||||||||||||| ||und|| | ||
| 040 |
_e43150 _aMAIN |
||
| 041 | _aEnglish | ||
| 082 | _a940.28 G59H | ||
| 100 | _aGooch, G P | ||
| 245 | 0 | _aHistory of modern Europe 1878-1919 | |
| 260 |
_aNew Delhi _bS Chand _c1971 |
||
| 300 | _a624 p. | ||
| 942 | _cBK | ||
| 999 |
_c45575 _d45575 |
||